000 00371nam a2200169Ia 4500
999 _c2035
_d2035
003 OSt
005 20190927205219.0
008 190723s9999 xx 000 0 und d
020 _a978-0134527604
040 _cmaju
100 _aStephen P. Robbins
245 0 _aManagement
250 _a10nth
260 _aDelhi
_bPearson
_c2010
300 _a548:p
942 _cBK
_2ddc